Popular freshwater fish of North America - Statistics

General Stats
  • This quiz has been taken 188 times
  • The average score is 5 of 15
Answer Stats
Hint Answer % Correct
Green colors, with a large mouth and aggressive disposition Bass
88%
Long, sensitive barbles and a huge rubbery mouth Catfish
79%
A primitive fish with a shovel-like rostrum and armor plating Sturgeon
57%
Large, muscular and predatory; a popular "beginner'' fish Trout
48%
A prized sportfish with a mean attitude and a set of teeth to match Northern Pike
42%
Round, vertically-flattened body with a tinge of blue Sunfish
41%
White, soulless eyes; yellow/striped coloration Perch
38%
Migratory; jaws in males shift and change drastically Salmon
38%
Like the previous one, but ginormous Muskellunge
36%
Thick armor plating, tons of domestic variants Common Carp
18%
Snake-like body with a narrow head and tiny eyes American Eel
6%
Three rows of teeth and a toothed tongue, parasitic Sea Lamprey
6%
Has a strange, "sucking'' mouth Northern Hogsucker
1%
Resembles a marine Stonefish, but smaller and meaner Mottled Sculpin
0%
Bright, beautiful colors and very timid Rainbow Darter
0%
No matching quizzes found
Score Distribution
Percent of People with Each Score
Percentile by Number Answered
Your Score History
You have not taken this quiz